000 00341nam a2200145Ia 4500
008 191201s2007 xx 000 0 und d
082 _a658.32
_bAGS
100 _aAGARWALA, Tanuja
245 0 _aStrategic Human Resource Management
250 _a2nd
260 _aN.Delhi
_bOxford
_c2007
300 _a801
650 _aMBA
942 _2ddc
_cBK
999 _c3602
_d3602